000 01237nam a2200337 a 4500
999 _c9273
_d9273
001 9273
003 BD - JhCC
005 20180527125721.0
008 131023s2011 enkb fo| 000 0 eng|d
020 _a9780191739422 (ebook) :
_cNo price
035 _a(BD - JhCC)9273
040 _aStDuBDS
_cStDuBDS
_dBD-JhCC
041 _aeng
050 0 _aPA31
_b.H69 2011
082 0 4 _a880.900103
_223
_bOXF 2011
245 0 4 _aThe Oxford companion to classical literature /
_cPaul Harvery
246 3 0 _aClassical literature
250 _a3rd ed. /
260 _aOxford :
_bOxford University Press,
_c2011.
300 _a1 online resource (vi, 632 p.) :
_bmaps.
490 1 _aOxford reference library
500 _aPrevious ed.: 1989.
520 8 _aThis companion not only presents all the essential facts about the authors, tales and characters from ancient literature and myth, but places these details in the wider contexts of the history and society of the Greek and Roman worlds.
550 _aIssued as part of Oxford Reference.
650 0 _aClassical literature
_vDictionaries.
650 0 _aClassical dictionaries.
700 _aHarvery, Paul
710 2 _aOxford University Press.
942 _2ddc
_cREF